Central Library OPAC University of Rajshahi

লোক সংস্কৃতির তত্ত্বরুপ ও স্বরুপ সন্ধান / (Record no. 40782)

MARC details
000 -LEADER
fixed length control field 00953nam a2200241 a 4500
001 - CONTROL NUMBER
control field 40782
003 - CONTROL NUMBER IDENTIFIER
rucl marc code BD-RjUL
005 - DATE AND TIME OF LATEST TRANSACTION
control field 20211209053259.0
008 - FIXED-LENGTH DATA ELEMENTS--GENERAL INFORMATION
fixed length control field 160510s2004 bg ||||| |||| 00| 0 ben d
020 ## - INTERNATIONAL STANDARD BOOK NUMBER
Terms of availability : TK 160.00
035 ## - SYSTEM CONTROL NUMBER
System control number (BD-RjUL)40897
040 ## - CATALOGING SOURCE
Original cataloging agency BD-RjUL
Language of cataloging ben
Transcribing agency BD-RjUL
041 ## - LANGUAGE CODE
Language code of text/sound track or separate title ben
082 ## - DEWEY DECIMAL CLASSIFICATION NUMBER
Edition number 23
Classification number 398.2
Author mark and year CHL 2004
100 ## - MAIN ENTRY--PERSONAL NAME
Personal name চট্টোপাধ্যায়, তুষার
9 (RLIN) 117970
245 10 - TITLE STATEMENT
Title লোক সংস্কৃতির তত্ত্বরুপ ও স্বরুপ সন্ধান /
Statement of responsibility, etc. তুষার চট্টোপাধ্যায়
250 ## - EDITION STATEMENT
Edition statement ৪র্থ সং.
260 ## - PUBLICATION, DISTRIBUTION, ETC. (IMPRINT)
Place of publication, distribution, etc. কলকাতা :
Name of publisher, distributor, etc. এ. মুখার্জী অ্যান্ড কোম্পানী,
Date of publication, distribution, etc. ২০০৪
300 ## - PHYSICAL DESCRIPTION
Pagination ৪০৮ পৃ. ;
Size ২১ সেমি.
650 ## - SUBJECT ADDED ENTRY--TOPICAL TERM
Topical term or geographic name as entry element লোক সাহিত্য
9 (RLIN) 125497
Topical term or geographic name as entry element Folk Literature
9 (RLIN) 125498
942 ## - ADDED ENTRY ELEMENTS (KOHA)
Source of classification or shelving scheme Dewey Decimal Classification
Koha item type Books
Holdings
Lost status Source of classification or shelving scheme Damaged status Not for loan Collection code Permanent Location Current Location Shelving location Date acquired Source of acquisition Cost, normal purchase price Total Checkouts Full call number Date last seen Date checked out Copy number Koha item type Total Renewals
  Dewey Decimal Classification     Non-fiction Central Library, University of Rajshahi Central Library, University of Rajshahi   15/01/2008 Dhaka : Paragon Enterprise 160.00 2 B 398.2 CHL 2004 28/08/2016 04/08/2016 C-2 Books  
  Dewey Decimal Classification     Non-fiction Central Library, University of Rajshahi Central Library, University of Rajshahi   15/01/2008 Paragon Enterprise, Dhaka. 160.00 2 B 398.2 CHL 2004 09/11/2022 05/06/2022 C-3 Books